| 000 | 00709cam a2200229 a 4500 | ||
|---|---|---|---|
| 001 | 1426330 | ||
| 005 | 20180104044414.0 | ||
| 008 | 910313s1984 nyua b 001 0 eng | ||
| 010 | _a 84060264 | ||
| 020 | _a0871548798 | ||
| 040 |
_aDLC _cDLC _dDLC |
||
| 041 | _aeng | ||
| 080 | _a303.4072 TIL | ||
| 082 | 0 | 0 |
_a303.4072 TIL _220 |
| 100 | 1 | _a50 | |
| 101 | _aSOC | ||
| 245 | 1 | 0 |
_aBig structures, large processes, huge comparisons / _cCharles Tilly. |
| 504 | _aIncludes bibliographical references (p. 148-167) and index. | ||
| 906 |
_a7 _bcbc _corignew _d2 _eopcn _f19 _gy-gencatlg |
||
| 942 |
_2ddc _cBK |
||
| 999 |
_c39691 _d39691 |
||